000 02163nam0a2200349 4500
001 RU\NLR\bibl\547873
005 20260407083817.0
010 _a5-94505-037-7
_9300
021 _aRU
_b2004-42093
_92088
035 _a(NLR Aleph) 000540069
090 _a1407286
_c1407286
100 _a20040830d2003 |||y0rusy50 ca
101 0 _arus
102 _aRU
105 _aa |||||||||
200 1 _aПрименение лазерной терапии у детей с наследственными нарушениями психоречевого развития
_eМетод. рекомендации
_fМ-во здравоохранения Рос. Федерации, Моск. НИИ педиатрии и дет. хирургии МЗ РФ и др.
_g[Исполн.: к.м.н. Воинова Валентина Михайловна и др.]
210 _aМ.
_cМИЛТА-ПКП ГИТ
_d2003
215 _a67 с.
_cил.
_d20
300 _aВ надзаг. также: Ассоц. "Квантовая медицина", ЗАО "МИЛТА-ПКП-ГИТ"
320 _aБиблиогр.: с. 59-60 (27 назв.)
606 0 _aРечь
_jМетодические пособия
_xРасстройства у детей при умственном недоразвитии
_xТерапия лазеропунктурой
_92346961
_3RU\NLR\auth\661402455
606 0 _aУмственное недоразвитие у детей
_jМетодические пособия
_xТерапия лазеропунктурой
_92346972
_3RU\NLR\auth\661402462
606 0 _aУмственное недоразвитие детей
_jМетодические пособия
_xТерапия лазеропунктурой
_92346966
_3RU\NLR\auth\661402458
686 _aР733.684.024-584я8
686 _aР733.645.95-584я8
702 1 _aВоинова
_bВ. М.
_gВалентина Михайловна
_4220
712 0 2 _4570
_aМосковский НИИ педиатрии и детской хирургии
_3RU\NLR\AUTH\8810044761
_9588947
801 0 _aRU
_bNLR
_c20040830
_gPSBO
801 1 _aRU
_bNLR
_c20040830
942 _cBOOK
980 _aNB